LEADER 03684oam 2200661I 450 001 9910790043303321 005 20230725031025.0 010 $a1-136-73955-6 010 $a1-283-10341-9 010 $a9786613103413 010 $a1-136-73956-4 010 $a0-203-81892-X 024 7 $a10.4324/9780203818923 035 $a(CKB)2670000000083741 035 $a(EBL)672444 035 $a(OCoLC)773564562 035 $a(SSID)ssj0000543649 035 $a(PQKBManifestationID)12208387 035 $a(PQKBTitleCode)TC0000543649 035 $a(PQKBWorkID)10533651 035 $a(PQKB)10261490 035 $a(MiAaPQ)EBC672444 035 $a(Au-PeEL)EBL672444 035 $a(CaPaEBR)ebr10526431 035 $a(CaONFJC)MIL310341 035 $a(OCoLC)727063826 035 $a(EXLCZ)992670000000083741 100 $a20180706d2011 uy 0 101 0 $aeng 135 $aur|n|---||||| 181 $ctxt 182 $cc 183 $acr 200 00$aExploring children's creative narratives /$fedited by Dorothy Faulkner and Elizabeth Coates 205 $a1st ed. 210 1$aLondon :$cRoutledge,$d2011. 215 $a1 online resource (289 p.) 300 $aDescription based upon print version of record. 311 $a0-415-56563-4 311 $a0-415-56562-6 320 $aIncludes bibliographical references and index. 327 $aExploring children's creative narratives : some theoretical, methodological and applied perspectives / D. Faulkner & E.Coates -- Improvisation and narrative / R. Keith Sawyer -- Thinking creatively in an early years classroom / Dorothy Faulkner -- Children's creative collaboration : a view of narrativity / Marjaana Kangas, Annakaisa Kultima & Heli Ruokamo -- The subjects and meanings of young children's drawings / Elizabeth Coates & Andrew Coates -- Painting dinosaurs : how a reception class context shapes children's -- Opportunities for creative expression / Jenny Hallam, Helen Lee & Mani Das Gupta -- Diversifying discourse : the influence of visual culture on children's -- Perception and creation of art / Marie Fulkova & Teresa Tipton -- Meaning, mediation & mythology / Susan Wright -- Children's creativity with time, space and intensity : foundations for the temporal arts / Susan Young -- A generative framework for creativity : encouraging creative collaboration in children's music composition / Sylvia Truman -- Inside-outside : exploring learning and creativity in early years dance education / Kerry Chappell & Susan Young -- Epilogue / Dorothy Faulkner & Elizabeth Coates. 330 $aHow should we understand children's creativity?This fascinating collection of international research offers fresh perspectives on children's creative processes and the expression of their creative imagination through dramatic play, stories, artwork, dance, music and conversation.Drawing on a range of research evidence from innovative educational initiatives in a wide variety of countries, Exploring Children's Creative Narratives develops new theoretical and practical insights that challenge traditional thinking about children's creativity. The chapters, written by wel 606 $aCreative ability in children 606 $aDrawing ability in children 615 0$aCreative ability in children. 615 0$aDrawing ability in children. 676 $a155.4/1335 686 $a77.32$2bcl 701 $aCoates$b Elizabeth$01543698 701 $aFaulkner$b Dorothy$01543699 801 0$bMiAaPQ 801 1$bMiAaPQ 801 2$bMiAaPQ 906 $aBOOK 912 $a9910790043303321 996 $aExploring children's creative narratives$93797282 997 $aUNINA LEADER 04822nam 22006255 450 001 9910845489503321 005 20250808083547.0 010 $a3-031-43498-6 024 7 $a10.1007/978-3-031-43498-3 035 $a(MiAaPQ)EBC31225670 035 $a(Au-PeEL)EBL31225670 035 $a(DE-He213)978-3-031-43498-3 035 $a(CKB)31075504100041 035 $a(EXLCZ)9931075504100041 100 $a20240320d2024 u| 0 101 0 $aeng 135 $aurcnu|||||||| 181 $ctxt$2rdacontent 182 $cc$2rdamedia 183 $acr$2rdacarrier 200 10$aBuilding a Low-Carbon Future $eAdaptive Control Strategies for Distributed Energy Networks /$fby Jiayue Sun, Meina Zhai, Shu Liu, Peng Shi 205 $a1st ed. 2024. 210 1$aCham :$cSpringer Nature Switzerland :$cImprint: Springer,$d2024. 215 $a1 online resource (132 pages) 225 1 $aStudies in Systems, Decision and Control,$x2198-4190 ;$v506 311 08$a3-031-43497-8 320 $aIncludes bibliographical references. 327 $aIntroduction -- Cooperative Event-Triggered Fault-Tolerant Voltage -- Fully Distributed Fault-Tolerant Event-Triggered Control -- Output-Feedback Consensus Fault-Tolerant Control -- Secondary Load Voltage and Frequency Fault-Tolerant -- Distributed Critical Bus Voltage Regulation Control for. 330 $aThis book aims to emphasize the state-of-the-art research in realizing the optimal synthesis of microgrid voltage regulation problems using adaptive multi-agent control theory. The contents of this book are divided into four parts. The book describes the microgrid voltage regulation model construction. Building upon this foundation, the book investigates fault-tolerant and event-triggered control problems under different constraints. The effectiveness and applicability of the design methods are verified by simulation arithmetic and applications. The key features of this book are summarized as follows.1) Development of a unified modeling framework for the analysis and design of voltage regulation protocols. 2) Utilization of a novel approach to analyze microgrid secondary control systems, addressing various issues such as event triggering and fault-tolerant control problems. 3) A set of newly developed techniques (e.g., Lyapunov stability theory, LMI techniques) is used to address emerging voltage regulation challenges. This book is a timely reflection of developments in the new field of integrated theory of voltage regulation and multi-agent system control for microgrids. It serves as a comprehensive collection of the latest research findings, making it a valuable textbook for senior and graduate students who are interested in acquiring knowledge about the following: 1) the latest techniques in microgrid voltage regulation; 2) the latest advances in multi-agent system control; and 3) the latest advances in stability/performance analysis, tracking control, fault-tolerant control, event-triggered control, and adaptive control. The content of this monograph is divided into six parts. 1) Part one studies the classical problems of microgrid control and multi-agent control. 2) Part two focuses on the event-triggered fault-tolerant voltage restoration problem for islanded microgrids. 3) Part three addresses the fully distributed fault-tolerant secondary event-triggered control of microgrids under directed graphs. 4) Part four examines the output feedback-based fault-tolerant load voltage regulation problem using intermittent communication. 5) Part five presents the secondary load voltage and frequency regulation control based on hierarchical fault-tolerant containment control. 5) Part six investigates the distributed critical bus voltage regulation control problem for multiple microgrids with a positive minimum inter-event time. 410 0$aStudies in Systems, Decision and Control,$x2198-4190 ;$v506 606 $aEngineering mathematics 606 $aEngineering$xData processing 606 $aDynamics 606 $aNonlinear theories 606 $aMathematical and Computational Engineering Applications 606 $aApplied Dynamical Systems 606 $aEngineering Mathematics 615 0$aEngineering mathematics. 615 0$aEngineering$xData processing. 615 0$aDynamics. 615 0$aNonlinear theories. 615 14$aMathematical and Computational Engineering Applications. 615 24$aApplied Dynamical Systems. 615 24$aEngineering Mathematics. 676 $a333.794 700 $aSun$b Jiayue$01429656 702 $aBassanezi$b Rodney Carlos 702 $aLodwick$b Weldon A. 801 0$bMiAaPQ 801 1$bMiAaPQ 801 2$bMiAaPQ 906 $aBOOK 912 $a9910845489503321 996 $aBuilding a Low-Carbon Future$94257258 997 $aUNINA